000 00972nam a22002417a 4500
999 _c13007
_d13007
003 AR-CdUCM
008 190410b ||||| |||| 00| 0 spa d
040 _aMUNICIPALIDAD PROVINCIAL DEL CUSCO
_cBIBLIOTECA MUNICIPAL DEL CUSCO
082 _a373.1 /
_bP66
110 _a Ministerio de Educación,
_931164
245 _aEl placer de no fumar :
_bguía de capacitación para el educador con el fin de prevenir el hábito de fumar en los adolescentes /
260 _aLima :
_bGrafica San Pablo,
_c1992.
300 _a43 paginas ;
_c20 cm.
505 _aContenido : Guía de capacitación
650 _aFumar
_931165
650 _aEfectos del cigarrillo
_931166
650 _aInfluencia de los medios
_931167
650 _aAcción social
_929884
710 _aCentro de información y educación para prevención del abuso de drogas
_931168
710 _aComisión nacional permanente de lucha antitabaquica
_931169
942 _2ddc
_cLIBROS
945 _awnts
_d2019-04-10